|
|
|
|
| LEADER |
00754cam a2200205 7i4500 |
| 001 |
0000026545 |
| 005 |
20170218090000.0 |
| 008 |
090324 eng |
| 020 |
|
|
|a 0077075951 (pbk.)
|
| 020 |
|
|
|a 9780077075958
|
| 040 |
|
|
|a DLC
|
| 090 |
0 |
0 |
|a KD3009
|b .B78 1992
|
| 100 |
1 |
|
|a Brimson, Terence J
|
| 245 |
0 |
4 |
|a The employers survival guide :
|b the business guide to employment law, policy and practice
|c Terence J.Brimson.
|
| 260 |
|
|
|a London:
|b McGraw-Hill Book Co.,
|c 1992.
|
| 300 |
|
|
|a iv, 278 p.;
|c 23 cm.
|
| 504 |
|
|
|a Includes bibliographical references and index
|
| 650 |
0 |
0 |
|a Labor laws and legislation --
|z Great Britain
|
| 997 |
|
|
|a Business & Accountancy, Faculty
|
| 999 |
|
|
|a 0000022641
|b BOK
|c REFERENCE
|e Ground Floor, Bestari Jaya
|